Historia de la música Codex : vol. I, núm. 4 : Lauda, drama litúrgico, cantos goliárdicos /
Enciclopedia ilustrada compuesta de 169 fascículos, organizados en cinco volúmenes, que se publicó originalmente en España en 1965, con una periodicidad semanal. Cada fascículo estaba acompañado de un disco de 33 revoluciones y 17 cms de diámetro, con excepción de los últimos tres fascículos que com...
Shranjeno v:
| Format: | Knjiga |
|---|---|
| Jezik: | španščina |
| Izdano: |
Madrid, España :
Codex,
1965, c1965
|
| Teme: | |
| Oznake: |
Brez oznak, prvi označite!
|
MARC
| LEADER | 00000nam^a2200000^a^4500 | ||
|---|---|---|---|
| 001 | 000621151 | ||
| 005 | 20250922000000.0 | ||
| 009 | 20260310133854.036 | ||
| 037 | |a Acervo ITESO - Biblioteca | ||
| 041 | |a ESP | ||
| 082 | |a 780. 9 |b HIS V. 4 | ||
| 240 | 1 | 1 | |a [Historia de la música Codex] |
| 245 | 0 | 0 | |a Historia de la música Codex : |b vol. I, núm. 4 : Lauda, drama litúrgico, cantos goliárdicos / |
| 264 | 4 | |a Madrid, España : |b Codex, |c 1965, c1965 | |
| 300 | |a p. 57-72 | ||
| 336 | |a texto |b txt |2 rdacontenido | ||
| 337 | |a sin mediación |b n |2 rdamedio | ||
| 338 | |a volumen |b nc |2 rdasoporte | ||
| 520 | |a Enciclopedia ilustrada compuesta de 169 fascículos, organizados en cinco volúmenes, que se publicó originalmente en España en 1965, con una periodicidad semanal. Cada fascículo estaba acompañado de un disco de 33 revoluciones y 17 cms de diámetro, con excepción de los últimos tres fascículos que comprenden los índices generales. Las cubiertas de cada fascículo representan un instrumento musical diferente. En este compendio se reconstruye la historia de la música, desde sus inicios hasta la música contemporánea, a través del desarrollo biográfico de los músicos más sobresalientes de cada época. | ||
| 562 | |a Falta material anexo [elepé de música] | ||
| 649 | |a XX | ||
| 650 | |a Autos Sacramentales - |x Historia y Crítica | ||
| 650 | |a Teatro Religioso - |x Historia y Crítica | ||
| 650 | |a Canto Profano Medieval - |x Historia y Crítica | ||
| 650 | |a Música Sacra - |x Historia y Crítica | ||
| 650 | |a Música Medieval - |x Historia y Crítica | ||
| 650 | |a Música Europea - |x Historia y Crítica | ||
| 650 | |a Música - |x Historia y Crítica - |x Tema Principal | ||
| 650 | |a Música - |x Publicaciones Periódicas Españolas - |x Tema Principal | ||
| 650 | |a Música - |x Enciclopedias y Diccionarios - |x Tema Principal | ||
| 650 | |a Arte Medieval - |x Historia y Crítica | ||
| 650 | |a Arte - |x Historia y Crítica | ||
| 650 | |a Publicaciones Periódicas Españolas | ||
| 650 | |a Enciclopedias y Diccionarios | ||
| 650 | |a Edad Media - |x Historia | ||
| 910 | |a Fondo Castillo-Martínez | ||
| 920 | |a Impresos - Libros | ||
| 930 | |a Fondos Especiales | ||
| 905 | |a 127 | ||
| 901 | |a 621151-10 |b IT2 |c ESP |i D127871 |u 20250922 | ||
| 902 | |a https://opac.biblio.iteso.mx/vufind/Record/000621151 | ||